| 000 | 00740nam a2200217 a 4500 | ||
|---|---|---|---|
| 001 | 000023340 | ||
| 005 | 20200930022142.0 | ||
| 008 | 101202s1999 cu ab r 000 0 spa d | ||
| 020 | _a9590901670 | ||
| 040 |
_aDO-SdBNP _bspa _cBNPHU |
||
| 082 |
_annnn _bT153p |
||
| 100 | 1 |
_aTamayo Torres, Guillermo, _948075 |
|
| 245 | 1 | 0 |
_aPinar del Río : _bturismo verde / _cGuillermo Tamayo Torres ; edición de José Amieva Dalboys. |
| 260 |
_aLa habana, Cuba : _bJosé Martí, _c1999. |
||
| 300 |
_a105, [2] p. : _bil., mapas ; _c20 cm. |
||
| 490 | 1 | _aConozca Cuba | |
| 504 | _aIncluye referencias bibliográficas y notas al pie de las páginas. | ||
| 700 | 1 |
_aAmieva Dalboys, José, _eed. _948076 |
|
| 830 | 0 |
_aConozca Cuba _948077 |
|
| 049 | _aBNGR | ||
| 999 |
_c22837 _d22837 |
||